Fuszard's innovative teaching strategies in nursing / (Record no. 16215)
[ view plain ]
| 000 -LEADER | |
|---|---|
| fixed length control field | 00731nam a22002657a 4500 |
| 003 - CONTROL NUMBER IDENTIFIER | |
| control field | FEu |
| 005 - DATE AND TIME OF LATEST TRANSACTION | |
| control field | 20260122103850.0 |
| 008 - FIXED-LENGTH DATA ELEMENTS--GENERAL INFORMATION | |
| fixed length control field | 130223t xxu||||| |||| 00| 0 eng d |
| 020 ## - INTERNATIONAL STANDARD BOOK NUMBER | |
| International Standard Book Number | 9789715844680 |
| 050 ## - LIBRARY OF CONGRESS CALL NUMBER | |
| Classification number | RT 71 |
| Item number | .F988 2006 |
| 100 ## - MAIN ENTRY--PERSONAL NAME | |
| Personal name | Lowenstein, Arlene J. |
| 245 ## - TITLE STATEMENT | |
| Title | Fuszard's innovative teaching strategies in nursing / |
| Statement of responsibility, etc | Arlene J. Lowenstein, Martha J. Bradshaw. |
| 250 ## - EDITION STATEMENT | |
| Edition statement | 3rd ed. |
| 260 ## - PUBLICATION, DISTRIBUTION, ETC. (IMPRINT) | |
| Place of publication, distribution, etc | Sudbury, Massachusets : |
| Date of publication, distribution, etc | 2006 |
| Name of publisher, distributor, etc | Jones and Barett Publishers, |
| 300 ## - PHYSICAL DESCRIPTION | |
| Extent | 378 p. : |
| Dimensions | 21.9 cm. |
| 700 ## - ADDED ENTRY--PERSONAL NAME | |
| Personal name | Bradshaw, Martha J. |
| 942 ## - ADDED ENTRY ELEMENTS (KOHA) | |
| Source of classification or shelving scheme | Library of Congress Classification |
| Koha item type | Books |
| Call number prefix | Foreign |
| Withdrawn status | Lost status | Source of classification or shelving scheme | Damaged status | Home library | Current library | Shelving location | Date acquired | Source of acquisition | Total Checkouts | Full call number | Barcode | Date last seen | Copy number | Price effective from | Koha item type |
|---|---|---|---|---|---|---|---|---|---|---|---|---|---|---|---|
| Library of Congress Classification | Archives | Archives | General Circulation Section | 02/23/2013 | Donation | RT 71 .F988 2006 | C14066 | 05/15/2018 | 1 | 03/10/2014 | Books | ||||
| Library of Congress Classification | Archives | Archives | General Circulation Section | 12/12/2013 | Donation | RT 71 .F988 2006 | C7141 | 05/15/2018 | 3 | 12/12/2013 | Books | ||||
| Library of Congress Classification | Archives | Archives | General Circulation Section | 12/12/2013 | Donation | RT 71 .F988 2006 | C7139 | 05/15/2018 | 7 | 12/12/2013 | Books | ||||
| Library of Congress Classification | Archives | Archives | General Circulation Section | 12/12/2013 | Donation | RT 71 .F988 2006 | C7140 | 05/15/2018 | 6 | 12/12/2013 | Books | ||||
| Library of Congress Classification | College Library | College Library | General Circulation Section | 12/12/2013 | RT 71 .F988 2006 | C7142 | 05/15/2018 | 2 | 12/12/2013 | Books | |||||
| Library of Congress Classification | College Library | College Library | General Circulation Section | 12/12/2013 | RT 71 .F988 2006 | C7138 | 05/15/2018 | 4 | 12/12/2013 | Books | |||||
| Library of Congress Classification | College Library | College Library | General Circulation Section | 12/12/2013 | RT 71 .F988 2006 | C7137 | 05/15/2018 | 5 | 12/12/2013 | Books |